Phương pháp học tốt hơn giáo viên tốt
Nội dung sách giúp các bậc phụ huynh phương pháp hướng dẫn, giúp bé trải qua một tuổi thơ đẹp, đạt được tiến bộ vượt bậc, thành tích cao, có được tương lai tốt đẹp.
Gardado en:
| Autor Principal: | |
|---|---|
| Formato: | Libro |
| Idioma: | Undetermined |
| Publicado: |
Hà Nội
Văn hóa Thông tin
2014
|
| Những chủ đề: | |
| Các nhãn: |
Engadir etiqueta
Sen Etiquetas, Sexa o primeiro en etiquetar este rexistro!
|
| Thư viện lưu trữ: | Trung tâm Học liệu Trường Đại học Cần Thơ |
|---|
| LEADER | 00848nam a2200205Ia 4500 | ||
|---|---|---|---|
| 001 | CTU_207099 | ||
| 008 | 210402s9999 xx 000 0 und d | ||
| 020 | |c 85000 | ||
| 082 | |a 371.3 | ||
| 082 | |b D108 | ||
| 100 | |a Vạn, Tiểu Dao | ||
| 245 | 0 | |a Phương pháp học tốt hơn giáo viên tốt | |
| 245 | 0 | |c Vạn Tiểu Dao | |
| 260 | |a Hà Nội | ||
| 260 | |b Văn hóa Thông tin | ||
| 260 | |c 2014 | ||
| 520 | |a Nội dung sách giúp các bậc phụ huynh phương pháp hướng dẫn, giúp bé trải qua một tuổi thơ đẹp, đạt được tiến bộ vượt bậc, thành tích cao, có được tương lai tốt đẹp. | ||
| 650 | |a Study skills,Kỹ năng học tập | ||
| 904 | |i Qhieu | ||
| 980 | |a Trung tâm Học liệu Trường Đại học Cần Thơ | ||